000 00278nam a2200121Ia 4500
008 191201s2007 xx 000 0 und d
100 _aPERREAULT, William D
245 0 _aBasic Marketing
260 _aN. delhi
_bTMH
_c2007
300 _a844
650 _aBBA
942 _2ddc
_cBK
_01
999 _c6586
_d6586